000
00337nam a22001577a 4500
003
SGT
020
_a
9789351502777
082
_a
150,GAL
100
_a
GALATTI,KATHLEEN M.
245
_a
CONGNITIVE PSYCHOLOGY
250
_a
5TH
260
_a
NEW DELHI
_b
SAGE PUB.
_c
2024
300
_a
403
650
_a
PSYCHOLOGY
942
_2
ddc
_c
BK
_0
61
999
_c
26679
_d
26679